MARC

LEADER 00000nam0a2200000 4500
001 52445
005 20231031041622.0
035 |a (RuTPU)RU\TPU\book\54953 
090 |a 52445 
100 |a 20030530d1991 m y0rusy50 ca 
101 0 |a rus 
102 |a RU 
105 |a a j 000zy 
200 1 |a Расчет оптимального варианта силового трансформатора  |e учебное пособие  |f Б. М. Кербель, В. С. Стукач  |g Томский политехнический университет 
210 |a Томск  |c Изд-во ТПУ  |d 1991 
215 |a 95 с.  |c ил. 
320 |a Библиогр.: с. 94 (4 назв.) 
610 1 |a силовые трансформаторы 
610 1 |a оптимальные процессы 
610 1 |a расчет 
610 1 |a технико-экономический анализ 
610 1 |a обмотки 
610 1 |a короткое замыкание 
610 1 |a напряжение 
610 1 |a потери 
610 1 |a учебные пособия 
675 |a 621.314.222.6(075.8)  |v 3 
700 1 |a Кербель  |b Б. М.  |g Борис Моисеевич 
701 1 |a Стукач  |b В. С.  |g Владимир Степанович 
712 0 2 |a Томский политехнический университет  |2 stltpush  |3 (RuTPU)RU\TPU\col\376 
801 1 |a RU  |b 63413507  |c 20030530  |g PSBO 
801 2 |a RU  |b 63413507  |c 20210527  |g PSBO 
942 |c BK